00497 a2200157 4500010001400000020002300014035001300037037001500050082001100065245009000076260004900166270004500215300003800260700002300298700001800321 aENG-87022 a0070667051c595.00 aEN-70555 bDBAD / PUB14a658.151 aCase problems in finance /ced.by W. Carl Kester, Richard S.Ruback [and] Peter Tufano aNew DelhibTata McGraw-Hill Publishingc2007 a7, West Patel Nagar,bNew Delhie110 008 axiv, 806 pc24 cm (Pbk)b+C.D.Rom1 aRuback, Richard S.1 aTufano, Peter